000 01043cam a2200361 c 4500
001 2120
003 DO-SdBPM
005 20250702110507.0
007 ta
008 101227s1998 sp a | |||| 000 0 spa
015 _a
017 _a
_b
020 _a9788467515695
035 _a
040 _aDO-SdBPM
_bspa
_cBPMSU
_erda
041 1 _aspa
_a
080 _a
082 4 _aR443.6
_bD545f 1998
_222
245 0 0 _aFrançais-espagnol =español-francés /
_bilustraciones javier Aramburu... [y oros]
_h
_c
250 _a
264 _aMadrid :
_bSM,
_c1998
300 _a731 páginas
_bilustraciones
_c20 cm
336 _atexto
_btxt
_2rdacarrier
337 _asin mediación
_bn
_2rdamedia
338 _avolumen
_bnc
_2rdacarrier
500 _a Dico nivel inicial
590 _aInventariado, 2025/VM
650 7 _aFrancés
_vDiccionarios
_xEspañol
650 7 _aEspañol
_vDiccionarios
_xFrancés
700 1 _aAramburu, javier
_eilustraciones
910 _aVMateo V. Control de calidad BPMSU
942 _2ddc
_cBK
999 _c15243
_d15243